Three short stories /
| Main Author: | |
|---|---|
| Other Authors: | , |
| Format: | Book |
| Language: | Russian |
| Published: |
Boston :
Heath,
[1950]
|
| Series: | Heath-Chicago Russian series.
Heath-Chicago language series. Graded Russian readers ; book 4. |
MARC
| Tag | First Indicator | Second Indicator | Subfields |
|---|---|---|---|
| LEADER | 00000cam a2200000 i 4500 | ||
| 001 | in00000019089 | ||
| 005 | 20151007054147.0 | ||
| 008 | 790710s1950 mauaf 00011 rus | ||
| 010 | |a 50006835 | ||
| 035 | |a (OCoLC)05152423 | ||
| 035 | |9 AAB4173AM | ||
| 040 | |a LWA |c LWA |d m.c. |d m/c |d TXA |d UtOrBLW | ||
| 049 | |a TXAM |c [A11052588] | ||
| 050 | 0 | 0 | |a PG3420 |b .Z315 1950 |
| 082 | 0 | |a 891.73 | |
| 100 | 1 | |a Turgenev, Ivan Sergeevich, |d 1818-1883. | |
| 245 | 1 | 0 | |a Three short stories / |c by I. S. Turgenev ; adapted and edited by Reason Alva Goodwin and George V. Bobrinskoy. |
| 264 | 1 | |a Boston : |b Heath, |c [1950] | |
| 264 | 4 | |c ©1950 | |
| 300 | |a iii, 80 pages, 1 unnumbered page of plates : |b illustrations ; |c 18 cm. | ||
| 336 | |a text |b txt |2 rdacontent | ||
| 337 | |a unmediated |b n |2 rdamedia | ||
| 338 | |a volume |b nc |2 rdacarrier | ||
| 490 | 1 | |a Heath-Chicago Russian series | |
| 490 | 1 | |a Heath-Chicago language series | |
| 490 | 1 | |a Graded Russian readers ; |v book 4 | |
| 500 | |a From the author's Zapiski okhotnika. | ||
| 505 | 0 | |a A Sportsman's sketches. | |
| 700 | 1 | |a Goodwin, Reason Alva, |d 1903- |e editor. | |
| 700 | 1 | |a Bobrinskoy, George V. | |
| 830 | 0 | |a Heath-Chicago Russian series. | |
| 830 | 0 | |a Heath-Chicago language series. | |
| 830 | 0 | |a Graded Russian readers ; |v book 4. | |
| 999 | |a MARS | ||
| 999 | f | f | |s 3f24716f-c29b-36dd-8228-905afb46f8e4 |i b282b8a9-d9fa-379c-9014-5325d35f9044 |t 0 |
| 952 | f | f | |p ric |a Texas A&M University |b Rellis Campus |c Joint Library Facility |d Remote Storage |t 0 |e PG3420 .Z315 1950 |h Library of Congress classification |i unmediated -- volume |m A14811052588 |
| 998 | f | f | |a PG3420 .Z315 1950 |t 0 |l Remote Storage |